[Event "GER-ch U25"]
[Site "Willingen"]
[Date "2007.05.31"]
[Round "8"]
[White "Hentschel, Tobias"]
[Black "Wittke, Rene"]
[Result "1/2-1/2"]
[WhiteElo "1682"]
[BlackElo "1910"]
[PlyCount "29"]
[EventDate "2007.05.26"]
[EventType "swiss"]
[EventRounds "9"]
[EventCountry "GER"]
[SourceTitle "CBM 118 Extra"]
[Source "ChessBase"]
[SourceDate "2007.07.04"]
[SourceVersion "1"]
[SourceVersionDate "2007.07.04"]
[SourceQuality "1"]

1. d4 d5 2. c4 Nc6 3. Nc3 Nf6 4. Bf4 Bf5 5. e3 e6 6. Nf3 Bb4 7. a3 Bxc3+ 8. bxc3 0-0 9. Bd3 Bxd3 10. Qxd3 Na5 11. cxd5 exd5 12. Bg5 Qd6 13. Bxf6 Qxf6 14. Ne5 Rfd8 15. Rb1 1/2-1/2

[Event "GER-ch U25"]
[Site "Willingen"]
[Date "2007.05.28"]
[Round "4"]
[White "Hentschel, Tobias"]
[Black "Schneider, Christian"]
[Result "0-1"]
[WhiteElo "1682"]
[BlackElo "2081"]
[PlyCount "138"]
[EventDate "2007.05.26"]
[EventType "swiss"]
[EventRounds "9"]
[EventCountry "GER"]
[SourceTitle "CBM 118 Extra"]
[Source "ChessBase"]
[SourceDate "2007.07.04"]
[SourceVersion "1"]
[SourceVersionDate "2007.07.04"]
[SourceQuality "1"]

1. d4 d5 2. Nf3 Nf6 3. c4 e6 4. Bg5 Be7 5. Nc3 0-0 6. e3 c6 7. Bd3 Nbd7 8. 0-0 dxc4 9. Bxc4 b5 10. Bd3 Bb7 11. Qc2 Rc8 12. Ne5 h6 13. Bf4 a6 14. Qe2 c5 15. Nxd7 Qxd7 16. dxc5 Rxc5 17. Rfd1 Qc6 18. f3 Qb6 19. Bg3 e5 20. Bf2 e4 21. Nxe4 Nxe4 22. fxe4 Re5 23. Bg3 Re6 24. e5 Bc5 25. Re1 f6 26. Kh1 fxe5 27. e4 Bf2 28. Rf1 Bxg3 29. Rxf8+ Kxf8 30. hxg3 Rf6 31. Rf1 b4 32. b3 a5 33. Rxf6+ Qxf6 34. Qf3 Ke7 35. Qxf6+ gxf6 36. Kg1 Kd6 37. Kf2 Kc5 38. Ke3 Bc6 39. Bc4 a4 40. Kd3 a3 41. Ke3 Be8 42. Be6 Bh5 43. g4 Be8 44. Bc4 Bd7 45. Be2 Be6 46. Bd1 Bc8 47. Be2 Bd7 48. Bd1 Bb5 49. Bc2 Bf1 50. g3 Bb5 51. Bd3 Bd7 52. Be2 Be6 53. Bd1 Kd6 54. Kf3 Ke7 55. Kg2 Kf7 56. Kh3 h5 57. Kg2 hxg4 58. Bc2 Kg6 59. Kf2 f5 60. exf5+ Bxf5 61. Bxf5+ Kxf5 62. Ke3 Ke6 63. Ke4 Kd6 64. Kf5 Kd5 65. Kxg4 e4 66. Kf4 Kd4 67. g4 e3 68. Kf3 Kd3 69. g5 e2 0-1

[Event "GER-ch U25"]
[Site "Willingen"]
[Date "2007.05.27"]
[Round "2"]
[White "Hentschel, Tobias"]
[Black "Geshnizjani, Ramin Tobias"]
[Result "1/2-1/2"]
[WhiteElo "1682"]
[BlackElo "2051"]
[PlyCount "81"]
[EventDate "2007.05.26"]
[EventType "swiss"]
[EventRounds "9"]
[EventCountry "GER"]
[SourceTitle "CBM 118 Extra"]
[Source "ChessBase"]
[SourceDate "2007.07.04"]
[SourceVersion "1"]
[SourceVersionDate "2007.07.04"]
[SourceQuality "1"]

1. d4 Nf6 2. Nf3 c5 3. Nc3 cxd4 4. Nxd4 Nc6 5. e4 e6 6. Be3 Bb4 7. f3 0-0 8. Bc4 d5 9. exd5 exd5 10. Be2 Re8 11. Bf2 Qe7 12. a3 Bxc3+ 13. bxc3 Nh5 14. Bg3 Nxg3 15. hxg3 Qg5 16. g4 Bd7 17. Qd2 Qe7 18. Kf2 Rac8 19. Bd3 h6 20. a4 Qc5 21. Bb5 Nxd4 22. cxd4 Qxc2 23. Qxc2 Rxc2+ 24. Kg3 Bc6 25. Rhc1 Rxc1 26. Rxc1 Rc8 27. Kf4 f6 28. Rc5 Kf7 29. Bxc6 bxc6 30. Rc1 Ke6 31. Re1+ Kd6 32. Kf5 c5 33. Re6+ Kd7 34. dxc5 Rxc5 35. Ra6 Rc7 36. Kf4 Kc8 37. Ra5 Rd7 38. Ke3 Kb7 39. Kd4 Kb6 40. Rc5 Rd6 41. Rb5+ 1/2-1/2